Best Pound-for-Pound Boxers in the World 2016 - Statistics

General Stats
  • This quiz has been taken 54 times
  • The average score is 5 of 10
Answer Stats
Position: Nationality: Fighter: % Correct
3 Kazakhstan Gennady Golovkin
91%
7 Mexico Saúl Álvarez
77%
4 USA Andre Ward
59%
2 Russia Sergey Kovalev
55%
6 USA Terence Crawford
50%
1 Nicaragua Román González
41%
5 Cuba Guillermo Rigondeaux
39%
10 UK Kell Brook
32%
9 Japan Naoya Inoue
30%
8 Japan Shinsuke Yamanaka
9%
No matching quizzes found
Score Distribution
Percent of People with Each Score
Percentile by Number Answered
Your Score History
You have not taken this quiz